|
|
|
|
| LEADER |
00000cam a2200000 7i4500 |
| 001 |
0000000711 |
| 005 |
20240919.0 |
| 008 |
991124 nyua eng |
| 020 |
|
|
|a 0070441227
|
| 040 |
|
|
|a INS
|b eng
|e rda
|
| 090 |
0 |
0 |
|a HJ257.2
|b .M87 1980
|
| 100 |
1 |
|
|a Musgrave, Richard A. ,
|e author
|
| 245 |
1 |
0 |
|a Public finance in theory and practice
|c Richard A. Musgrave, Peggy B. Musgrave
|
| 250 |
|
|
|a Third Edition
|
| 264 |
|
1 |
|a New York :
|b McGraw-Hill
|c 1980
|
| 300 |
|
|
|a xviii, 841 pages :
|b illustrations ;
|c 24 cm.
|
| 336 |
|
|
|a text
|2 rdacontent
|
| 337 |
|
|
|a unmediated
|2 rdamedia
|
| 338 |
|
|
|a volume
|2 rdacarrier
|
| 500 |
|
|
|a Includes index
|
| 650 |
|
0 |
|a Finance, public
|z United States
|
| 700 |
1 |
|
|a Musgrave, Peggy B. ,
|e author
|
| 999 |
|
|
|a 0000002221
|b BOOK
|c Open Shelf
|e Default branch
|